| 000 | 00739nam a2200241 a 4500 | ||
|---|---|---|---|
| 003 | MX-MxUPN | ||
| 005 | 20230208153452.0 | ||
| 008 | 200127s1991 sp r 100 0 spa d | ||
| 020 | _a8487432166 | ||
| 035 | _aUPN01000235142 | ||
| 040 |
_aMX-MxUPN _bspa _cMX-MxUPN |
||
| 041 | 0 | _aspa | |
| 050 | 1 | 4 |
_aT137 _bA67 1990 |
| 111 | 2 |
_a5 Años de Escuelas Taller (Jornadas) _d(1990 : _cValladolid) |
|
| 245 | 1 | 0 | _a5 años de escuelas taller |
| 246 | 3 | 3 | _aCinco años de escuelas taller |
| 260 |
_aMadrid : _bFederación Española de Municipios y Provincias, _c1991 |
||
| 300 | _a145 páginas | ||
| 650 | 4 |
_aEnseñanza técnica _zEspaña _vCongresos _947762 |
|
| 902 | _aVíctor Ruiz/080223 | ||
| 942 |
_2lcc _cLIBRO |
||
| 999 |
_c207237 _d207237 |
||